Export Instability and the Importance of Bilateral Trade Flows

Meranie nestability exportu. 10 krajín s najnižšou exportnou nestabilitou (1995-2010). Dôležitosť bilaterálneho obchodu.

Gespeichert in:
Bibliographische Detailangaben
1. Verfasser: Grančay, Martin, 1984-2024
Weitere Verfasser: Szikorová, Nóra
Format: Buchkapitel
Sprache:Englisch
Schlagworte:
Tags: Tag hinzufügen
Keine Tags, Fügen Sie das erste Tag hinzu!

MARC

LEADER 00000naa a2200000 4500
001 0178483
005 20240502083420.6
041 0 |a eng 
044 |a IT 
245 1 0 |a Export Instability and the Importance of Bilateral Trade Flows  |c Martin Grančay, Nóra Szikorová 
520 |a Meranie nestability exportu. 10 krajín s najnižšou exportnou nestabilitou (1995-2010). Dôležitosť bilaterálneho obchodu. 
610 2 0 |a obchod medzinárodný 
610 2 0 |a vývoz 
610 2 0 |a vzťahy obchodné 
100 1 |a Grančay, Martin, 1984-2024 
700 1 |a Szikorová, Nóra